[Event "47th IT Bosna 2017"]
[Site "Sarajevo"]
[Date "2017.05.14"]
[Round "3.4"]
[White "Sutkovic, Damir"]
[Black "Blagojevic, Dragisa"]
[Result "1/2-1/2"]
[WhiteElo "2317"]
[BlackElo "2480"]
[PlyCount "158"]
[EventDate "2017.05.13"]

1. d4 d5 2. c4 e6 3. cxd5 exd5 4. Nc3 c6 5. Nf3 Nf6 6. Bg5 Nbd7 7. e3 Be7 8.
Bd3 Ne4 9. Bxe7 Qxe7 10. Bxe4 dxe4 11. Nd2 f5 12. O-O Nf6 13. f3 exf3 14. Qxf3
O-O 15. e4 fxe4 16. Ndxe4 Be6 17. Rae1 Nxe4 18. Qxe4 Rxf1+ 19. Rxf1 Qd7 20. Re1
Bf7 21. Qh4 Be6 22. Re5 Rf8 23. h3 Qf7 24. Qe1 Bd7 25. d5 Re8 26. Rxe8+ Qxe8
27. Qxe8+ Bxe8 28. dxc6 Bxc6 29. g3 g5 30. Kf2 Kg7 31. Ke3 Bg2 32. h4 Kg6 33.
hxg5 Kxg5 34. Nb5 a6 35. Nd4 Kg4 36. Kf2 Be4 37. a3 Bd5 38. b4 Be4 39. a4 Bd5
40. a5 Bc4 41. Nc2 Bb5 42. Ne3+ Kg5 43. Kf3 Bc6+ 44. Ke2 Bb5+ 45. Kd2 Kf6 46.
Kc3 Ke5 47. Ng4+ Kf5 48. Nf2 h5 49. Kd4 Bc6 50. Kc4 Kf6 51. Kd4 Ke6 52. Nd3 Kf5
53. Nf2 Bf3 54. Ke3 Bg2 55. Kd4 Bc6 56. Kc4 Ke6 57. Kd4 Bb5 58. Nh3 Kf5 59. Nf2
Be2 60. Kd5 Bf1 61. Kd4 Bg2 62. Kc5 Ke5 63. Kc4 Bf1+ 64. Kc5 Bb5 65. Kb6 Bc6
66. Kc5 Bf3 67. Kc4 Bd5+ 68. Kc5 Bc6 69. Kc4 Bd7 70. Kc5 Bb5 71. Kb6 Bc6 72.
Kc5 Ke6 73. Kd4 Bf3 74. Ke3 Bc6 75. Kd4 Kf5 76. Kc4 Ke5 77. Kc5 Bg2 78. Kc4 Kf5
79. Kd4 Bc6 1/2-1/2

[Event "47th IT Bosna 2017"]
[Site "Sarajevo"]
[Date "2017.05.14"]
[Round "3.5"]
[White "Lajthajm, Borko"]
[Black "Trkulja, Goran"]
[Result "1/2-1/2"]
[WhiteElo "2428"]
[BlackElo "2291"]
[PlyCount "46"]
[EventDate "2017.05.13"]

1. Nf3 d5 2. d4 Bg4 3. Nbd2 Nc6 4. c3 f6 5. Qb3 Na5 6. Qa4+ Nc6 7. e4 e6 8. Bb5
Nge7 9. exd5 exd5 10. O-O a6 11. Bd3 Bf5 12. Bxf5 Nxf5 13. Qb3 Be7 14. a4 Na5
15. Qa2 O-O 16. Re1 Kh8 17. b4 Nc6 18. Nf1 Bd6 19. Ng3 Nxg3 20. hxg3 Ne7 21.
Re2 c6 22. Bd2 Qd7 23. Rae1 Rae8 1/2-1/2

[Event "47th IT Bosna 2017"]
[Site "Sarajevo"]
[Date "2017.05.14"]
[Round "3.6"]
[White "Buzeti, Jernej"]
[Black "Drazic, Sinisa"]
[Result "0-1"]
[WhiteElo "2196"]
[BlackElo "2427"]
[PlyCount "112"]
[EventDate "2017.05.13"]

1. e4 e5 2. Nf3 Nc6 3. Bb5 Nf6 4. d3 Ne7 5. O-O c6 6. Bc4 Ng6 7. Re1 Be7 8. Nc3
O-O 9. h3 b5 10. Bb3 a5 11. a4 b4 12. Ne2 d5 13. Ng3 Bd6 14. Bg5 Bb7 15. Nf5
Re8 16. Nxd6 Qxd6 17. Nh4 Nd7 18. Nf5 Qf8 19. Be3 Nc5 20. Bxc5 Qxc5 21. Qg4 Qf8
22. h4 Re6 23. Qf3 Rd8 24. Qe3 Rd7 25. g3 Ne7 26. Qf3 g6 27. Qg4 Kh8 28. Nxe7
Rdxe7 29. Qf3 Qd8 30. Re2 Kg7 31. h5 Qd6 32. Rae1 h6 33. hxg6 fxg6 34. Qe3 d4
35. Qf3 Rf6 36. Qg4 Re8 37. Qh4 g5 38. Qh5 Ref8 39. Kg2 Bc8 40. Rd2 Bd7 41. Qd1
Qb8 42. Rh1 Qc8 43. Rh2 Bg4 44. Qf1 h5 45. Kg1 Qd7 46. Qg2 Rg6 47. Kf1 Qe7 48.
Ke1 h4 49. Qh1 Bf3 50. Qg1 Rh8 51. Bc4 Qf8 52. b3 Rh7 53. Ba6 Kf6 54. g4 Ke7
55. Rh3 Rf7 56. Qh2 Kd6 0-1

[Event "47th IT Bosna 2017"]
[Site "Sarajevo"]
[Date "2017.05.14"]
[Round "3.7"]
[White "Filipovic, Branko"]
[Black "Ozen, Bahadir"]
[Result "1-0"]
[WhiteElo "2413"]
[BlackElo "2289"]
[PlyCount "53"]
[EventDate "2017.05.13"]

1. d4 g6 2. Bf4 Bg7 3. Nc3 d6 4. Nf3 a6 5. Qd2 b5 6. e4 Bb7 7. Bd3 Nd7 8. h4 h6
9. a4 e5 10. dxe5 dxe5 11. Bg3 c6 12. O-O Ngf6 13. Nxe5 Nh5 14. Nxd7 Nxg3 15.
fxg3 Qxd7 16. axb5 axb5 17. Rxa8+ Bxa8 18. h5 Bd4+ 19. Kh2 Be5 20. Qe2 Rg8 21.
Nd5 Qd8 22. Qf2 f5 23. Nf4 gxh5 24. exf5 Kd7 25. Qa7+ Qc7 26. Qa2 Re8 27. f6
1-0

[Event "47th IT Bosna 2017"]
[Site "Sarajevo"]
[Date "2017.05.14"]
[Round "3.8"]
[White "Perunovic, Milos"]
[Black "Krstonijevic, Stjepan"]
[Result "1-0"]
[WhiteElo "2603"]
[BlackElo "2155"]
[PlyCount "61"]
[EventDate "2017.05.13"]

1. e4 c5 2. Nf3 e6 3. d4 cxd4 4. Nxd4 Nc6 5. Nc3 Qc7 6. Be2 a6 7. O-O Nf6 8.
Be3 Bb4 9. Nxc6 bxc6 10. f4 d5 11. e5 Nd7 12. Na4 Be7 13. c4 O-O 14. Rc1 Qb8
15. Bd3 g6 16. Qc2 Qb4 17. a3 Qa5 18. b4 Qd8 19. c5 Re8 20. Bd4 Nf8 21. Nb6 Ra7
22. a4 Bb7 23. g4 f5 24. Kh1 Kf7 25. gxf5 gxf5 26. Bxf5 exf5 27. Qxf5+ Kg8 28.
Rg1+ Ng6 29. Rxg6+ hxg6 30. Qxg6+ Kf8 31. Qh6+ 1-0

[Event "47th IT Bosna 2017"]
[Site "Sarajevo"]
[Date "2017.05.14"]
[Round "3.9"]
[White "Sukovic, Andrej"]
[Black "Damljanovic, Branko"]
[Result "1/2-1/2"]
[WhiteElo "2236"]
[BlackElo "2543"]
[PlyCount "96"]
[EventDate "2017.05.13"]

1. e4 c5 2. Nf3 d6 3. d4 cxd4 4. Nxd4 Nf6 5. Nc3 a6 6. Bc4 e6 7. Bb3 Nbd7 8.
O-O Nc5 9. Bg5 Be7 10. Re1 h6 11. Bh4 g5 12. Bg3 e5 13. Nde2 h5 14. f3 h4 15.
Bf2 Nxb3 16. cxb3 g4 17. f4 Be6 18. f5 Bd7 19. Nd5 Nxd5 20. Qxd5 Bc6 21. Qd3
Rc8 22. Nc3 Bg5 23. Red1 Rh6 24. Be3 b5 25. Rac1 Bxe3+ 26. Qxe3 Rh8 27. b4 Kf8
28. Rd3 Kg7 29. Rcd1 Rh6 30. Qxh6+ Kxh6 31. Rxd6+ Qxd6 32. Rxd6+ Kg5 33. Kf2
Kf4 34. g3+ hxg3+ 35. hxg3+ Kg5 36. Ke3 f6 37. a3 Rc7 38. Re6 Bb7 39. Rb6 Rd7
40. a4 bxa4 41. Nxa4 Rc7 42. Nc5 Bc8 43. Kd2 Rh7 44. Rb8 Bxf5 45. exf5 Kxf5 46.
Rb6 Rh2+ 47. Kc1 Rh1+ 48. Kd2 Rh2+ 1/2-1/2

[Event "47th IT Bosna 2017"]
[Site "Sarajevo"]
[Date "2017.05.14"]
[Round "3.10"]
[White "Kadric, Denis"]
[Black "Hadzovic, Amir"]
[Result "1-0"]
[WhiteElo "2535"]
[BlackElo "2280"]
[PlyCount "81"]
[EventDate "2017.05.13"]

1. e4 e5 2. Nf3 Nc6 3. Nc3 Nf6 4. Bb5 Be7 5. Bxc6 dxc6 6. d3 Bd6 7. h3 Qe7 8.
Be3 Bd7 9. Ne2 Bc5 10. Qd2 Bxe3 11. fxe3 O-O 12. Qc3 Rae8 13. g4 Kh8 14. Ng3
Ng8 15. O-O-O c5 16. Kb1 b5 17. d4 b4 18. Qc4 exd4 19. exd4 Qd6 20. e5 Qc6 21.
d5 Qb6 22. Rhe1 Bb5 23. Qe4 c4 24. Ng5 Qg6 25. Qxg6 hxg6 26. e6 fxe6 27. dxe6
Ne7 28. Nf7+ Kg8 29. Ne4 Nc6 30. Neg5 Re7 31. h4 c3 32. b3 Rfe8 33. h5 gxh5 34.
gxh5 Rf8 35. Re4 a6 36. Re3 Ree8 37. h6 gxh6 38. Rg1 Rxe6 39. Nxe6+ Kxf7 40.
Nxf8 Kxf8 41. Rg4 1-0

[Event "47th IT Bosna 2017"]
[Site "Sarajevo"]
[Date "2017.05.14"]
[Round "3.11"]
[White "Milanovic, Danilo"]
[Black "Hodzic, Nihad"]
[Result "1/2-1/2"]
[WhiteElo "2510"]
[BlackElo "2266"]
[PlyCount "75"]
[EventDate "2017.05.13"]

1. d4 d5 2. c4 c6 3. Nc3 Nf6 4. e3 e6 5. Bd2 Nbd7 6. Rc1 Bd6 7. cxd5 exd5 8.
Bd3 O-O 9. Nge2 Re8 10. O-O Nf8 11. f3 Ng6 12. Qe1 Be6 13. Qf2 Rc8 14. Kh1 a6
15. Na4 Nd7 16. b4 b5 17. Nc5 Nxc5 18. bxc5 Bc7 19. a4 Qd7 20. g4 f5 21. f4 Rf8
22. g5 Ne7 23. Rc2 Ra8 24. Ra1 Rfb8 25. Rca2 Qe8 26. Nc1 Bf7 27. Bf1 Bh5 28.
Kg1 Bd1 29. a5 Qh5 30. Be2 Bxe2 31. Qxe2 Qxe2 32. Nxe2 Kf7 33. Kf2 Rb7 34. Nc1
Rh8 35. Nd3 h6 36. h4 h5 37. Nb4 Ra7 38. Kf3 1/2-1/2

[Event "47th IT Bosna 2017"]
[Site "Sarajevo"]
[Date "2017.05.14"]
[Round "3.12"]
[White "Kosic, Dragan"]
[Black "Obad, Andrija"]
[Result "1-0"]
[WhiteElo "2485"]
[BlackElo "2256"]
[PlyCount "81"]
[EventDate "2017.05.13"]

1. d4 Nf6 2. Nf3 d5 3. c4 e6 4. Nc3 c6 5. e3 Nbd7 6. Qc2 Be7 7. Bd3 O-O 8. O-O
b6 9. e4 dxe4 10. Nxe4 Bb7 11. Rd1 Nxe4 12. Bxe4 Nf6 13. Bd3 h6 14. Bf4 Re8 15.
Rac1 Qc8 16. c5 bxc5 17. dxc5 Ba6 18. Qa4 Bxd3 19. Rxd3 Nd5 20. Bg3 Bf6 21. Be5
Bxe5 22. Nxe5 Qb8 23. Nc4 Qf4 24. Rcd1 e5 25. Rf3 Qg4 26. h3 Qh4 27. Rg3 Rab8
28. Rg4 Qf6 29. Nd6 Rf8 30. Qxc6 Ne7 31. Qc7 Ng6 32. b3 h5 33. Rg3 Nf4 34. Re1
h4 35. Rg4 Rb4 36. Ne4 Qe6 37. f3 Nd5 38. Qd6 Qxd6 39. Nxd6 f6 40. Rxb4 Nxb4
41. Re4 1-0

[Event "47th IT Bosna 2017"]
[Site "Sarajevo"]
[Date "2017.05.14"]
[Round "3.13"]
[White "Stojanovic, Dalibor"]
[Black "Schettler, Juergen"]
[Result "1-0"]
[WhiteElo "2478"]
[BlackElo "2111"]
[PlyCount "57"]
[EventDate "2017.05.13"]

1. e4 e6 2. d4 d5 3. Nc3 Bb4 4. e5 Ne7 5. Bd2 c5 6. dxc5 Nbc6 7. Qg4 Nf5 8. Nf3
Bxc5 9. Bd3 h5 10. Qf4 g6 11. O-O-O Bd7 12. h3 Qe7 13. Bxf5 gxf5 14. g4 fxg4
15. hxg4 h4 16. Qh2 f6 17. Nb5 Nxe5 18. Nxe5 Bxb5 19. Ng6 Qg7 20. Nxh8 Qxh8 21.
Qc7 Bc6 22. Rde1 e5 23. g5 Be7 24. gxf6 Bxf6 25. Rhg1 e4 26. Rg6 Bxb2+ 27. Kb1
Ba3 28. Re6+ Kf8 29. Bh6+ 1-0

[Event "47th IT Bosna 2017"]
[Site "Sarajevo"]
[Date "2017.05.14"]
[Round "3.14"]
[White "Maksimovic, Bojan"]
[Black "Drasko, Milan"]
[Result "1/2-1/2"]
[WhiteElo "2269"]
[BlackElo "2446"]
[PlyCount "28"]
[EventDate "2017.05.13"]

1. e4 e6 2. d4 d5 3. Nd2 Nc6 4. Ngf3 Nf6 5. e5 Nd7 6. c3 f6 7. exf6 Qxf6 8. Bd3
Bd6 9. O-O O-O 10. Qb3 h6 11. h3 a6 12. a4 Ne7 13. c4 Kh8 14. Re1 Nc6 1/2-1/2

[Event "47th IT Bosna 2017"]
[Site "Sarajevo"]
[Date "2017.05.14"]
[Round "3.15"]
[White "Temizkan, Denizcan"]
[Black "Nikolic, Nebojsa"]
[Result "1-0"]
[WhiteElo "2124"]
[BlackElo "2378"]
[PlyCount "65"]
[EventDate "2017.05.13"]

1. d4 Nf6 2. c4 g6 3. Nc3 Bg7 4. e4 d6 5. Nf3 O-O 6. Be2 e5 7. O-O Nc6 8. d5
Ne7 9. b4 a5 10. Ba3 axb4 11. Bxb4 Nd7 12. a4 Bh6 13. Re1 f5 14. Bd3 b6 15. a5
Nc5 16. Qc2 Na6 17. Ba3 bxa5 18. c5 fxe4 19. Bxe4 Bf5 20. Nb5 Bxe4 21. Qxe4 Rf4
22. Qe2 Rf6 23. cxd6 cxd6 24. Nxd6 Rxd6 25. Qxe5 Nf5 26. Bxd6 Nxd6 27. Qe6+ Kh8
28. Ne5 Ra7 29. Nc6 Nc5 30. Nxd8 Nxe6 31. Rxe6 Bf8 32. Nc6 Rb7 33. g3 1-0

[Event "47th IT Bosna 2017"]
[Site "Sarajevo"]
[Date "2017.05.14"]
[Round "3.16"]
[White "Nestorovic, Dejan"]
[Black "Eric, Jovana"]
[Result "1/2-1/2"]
[WhiteElo "2375"]
[BlackElo "2237"]
[PlyCount "112"]
[EventDate "2017.05.13"]

1. d4 Nf6 2. c4 g6 3. Nc3 Bg7 4. e4 d6 5. Nf3 O-O 6. Be2 e5 7. O-O c6 8. dxe5
dxe5 9. Be3 Qe7 10. a3 Na6 11. b4 Ng4 12. Bg5 f6 13. Bc1 Be6 14. h3 Nh6 15. Be3
Nf7 16. Bd3 f5 17. Qe2 f4 18. Bc1 h5 19. Bb2 Ng5 20. Rac1 Nxf3+ 21. Qxf3 Qf7
22. Nb1 g5 23. g4 fxg3 24. Qxg3 Qf4 25. Qxf4 Rxf4 26. Kg2 Bxh3+ 27. Kxh3 Rf3+
28. Kg2 Rxd3 29. Rcd1 Rad8 30. Nc3 Nc7 31. Rxd3 Rxd3 32. Rd1 Rd4 33. f3 Ne6 34.
Rxd4 exd4 35. Nd1 b6 36. Bc1 Be5 37. Nf2 Kf7 38. Nd3 Kf6 39. Kh3 Bd6 40. Bd2 c5
41. b5 Nf8 42. a4 Ng6 43. Bc1 Ne5 44. Bxg5+ Kg6 45. Nxe5+ Bxe5 46. Bd2 d3 47.
f4 Bb2 48. Kg3 Ba3 49. f5+ Kf6 50. Bc3+ Kf7 51. Kf3 h4 52. Be1 h3 53. Bg3 Kf6
54. Bh4+ Kf7 55. Bg3 Kf6 56. Bh4+ Kf7 1/2-1/2

[Event "47th IT Bosna 2017"]
[Site "Sarajevo"]
[Date "2017.05.14"]
[Round "3.18"]
[White "Kozarcanin, Sead"]
[Black "Popovic, Zoran"]
[Result "0-1"]
[WhiteElo "2016"]
[BlackElo "2300"]
[PlyCount "100"]
[EventDate "2017.05.13"]

1. e4 c6 2. d3 d5 3. Nd2 g6 4. g3 Bg7 5. Bg2 e5 6. exd5 cxd5 7. c4 dxc4 8. Nxc4
Nc6 9. Nf3 Nge7 10. O-O O-O 11. Re1 Qc7 12. Bg5 f6 13. Be3 Rd8 14. Rc1 Bf5 15.
d4 Be6 16. Ncd2 exd4 17. Nxd4 Bf7 18. Qa4 Rac8 19. Bf4 Qd7 20. Nxc6 bxc6 21.
Ne4 Nd5 22. Rcd1 g5 23. Nc5 Qf5 24. Bc1 Nb6 25. Rxd8+ Rxd8 26. Qa5 Bf8 27. b4
Qc2 28. Be4 Qc3 29. Rf1 Re8 30. Be3 Nc4 31. Qxa7 Nxe3 32. Bxh7+ Kg7 33. fxe3
Qxe3+ 34. Rf2 Bxc5 35. Qxc5 Qxc5 36. bxc5 Re1+ 37. Kg2 Bd5+ 38. Kh3 Kxh7 39.
Rxf6 Kg7 40. Rd6 Re4 41. a3 Rc4 42. Rd7+ Kg6 43. Rd8 Rxc5 44. Rd6+ Kf5 45. Rd8
Rc4 46. g4+ Ke5 47. Kg3 Rc3+ 48. Kf2 Kf4 49. a4 Rc2+ 50. Ke1 Rxh2 0-1

[Event "47th IT Bosna 2017"]
[Site "Sarajevo"]
[Date "2017.05.14"]
[Round "3.19"]
[White "Vajic, Goran"]
[Black "Marn, Jan"]
[Result "1-0"]
[WhiteElo "2295"]
[BlackElo "2035"]
[PlyCount "99"]
[EventDate "2017.05.13"]

1. e4 e5 2. Nf3 Nc6 3. d4 exd4 4. Bc4 Bc5 5. c3 Nf6 6. cxd4 Bb4+ 7. Bd2 Bxd2+
8. Nbxd2 d5 9. exd5 Nxd5 10. Qb3 Na5 11. Qa4+ Nc6 12. Ne5 O-O 13. Bxd5 Qxd5 14.
Nxc6 bxc6 15. O-O Bh3 16. Nf3 Qe4 17. Qa3 Be6 18. Rfe1 Qf4 19. Qe3 Qxe3 20.
fxe3 Rab8 21. b3 f6 22. Rac1 Rb6 23. e4 Rd8 24. h3 Ra6 25. Rc2 Bf7 26. Kf2 Bg6
27. g4 c5 28. dxc5 Re6 29. Rd2 Rde8 30. Rd7 Rc6 31. b4 Ra6 32. Re2 Rxe4 33.
Rxe4 Bxe4 34. Rxc7 Rxa2+ 35. Ke3 Bd5 36. Nd4 Ra3+ 37. Kd2 Rxh3 38. Nf5 Kf8 39.
Ne3 Be4 40. Rxa7 h5 41. gxh5 Rxh5 42. Nc4 Rd5+ 43. Ke3 f5 44. Nd6 Rd3+ 45. Kf4
Rf3+ 46. Ke5 Rb3 47. b5 Rc3 48. Rc7 g5 49. Kf6 Kg8 50. Rc8+ 1-0

[Event "47th IT Bosna 2017"]
[Site "Sarajevo"]
[Date "2017.05.14"]
[Round "3.20"]
[White "Burovic, Rijad"]
[Black "Omanovic, Vahidin"]
[Result "1-0"]
[WhiteElo "2290"]
[BlackElo "2002"]
[PlyCount "37"]
[EventDate "2017.05.13"]

1. e4 d6 2. d4 Nf6 3. Nc3 c6 4. f4 Bg4 5. Be2 Qc8 6. Nf3 e6 7. O-O Nbd7 8. e5
Nd5 9. Ne4 dxe5 10. fxe5 f5 11. exf6 N7xf6 12. Nfg5 Bf5 13. Ng3 Be7 14. Bd3 g6
15. Qe2 h6 16. Nf3 Kf8 17. Ne5 Kg7 18. Nxf5+ gxf5 19. Rf3 1-0

[Event "47th IT Bosna 2017"]
[Site "Sarajevo"]
[Date "2017.05.14"]
[Round "3.21"]
[White "Aleksic, Neven"]
[Black "Kilic, Efe Mert"]
[Result "0-1"]
[WhiteElo "2121"]
[BlackElo "2284"]
[PlyCount "98"]
[EventDate "2017.05.13"]

1. d4 f5 2. Nc3 Nf6 3. Bg5 e6 4. e4 fxe4 5. Nxe4 Be7 6. Bxf6 Bxf6 7. Qh5+ g6 8.
Qh6 b6 9. O-O-O Bb7 10. Nxf6+ Qxf6 11. Qe3 Rf8 12. f3 Qf4 13. Qxf4 Rxf4 14. Bd3
Nc6 15. c3 O-O-O 16. Ne2 Rf7 17. Ng3 e5 18. dxe5 Nxe5 19. Rhe1 Re7 20. Bf1 Rde8
21. Kc2 d5 22. h4 h5 23. Re3 a6 24. Bd3 c5 25. f4 Nxd3 26. Rxe7 Nb4+ 27. cxb4
Rxe7 28. bxc5 bxc5 29. f5 gxf5 30. Nxf5 Re6 31. Ng7 Re5 32. Kd2 d4 33. Re1 Rd5
34. Re8+ Kc7 35. Re7+ Kb6 36. b3 Bc8 37. g3 Rd6 38. Re5 Rf6 39. Nxh5 Rf2+ 40.
Kd3 Bf5+ 41. Rxf5 Rxf5 42. Nf4 Re5 43. Ng2 Rf5 44. Nf4 Kb5 45. a3 a5 46. Ke4
Rf8 47. Kd3 Re8 48. Nd5 Kc6 49. Nf4 Re3+ 0-1

[Event "47th IT Bosna 2017"]
[Site "Sarajevo"]
[Date "2017.05.14"]
[Round "3.22"]
[White "Stankovic, Milos"]
[Black "Garabetyan, Arno"]
[Result "1-0"]
[WhiteElo "2406"]
[BlackElo "2050"]
[PlyCount "73"]
[EventDate "2017.05.13"]

1. e4 c5 2. Nf3 e6 3. b3 b6 4. Bd3 Bb7 5. O-O Nc6 6. Re1 Nge7 7. Bb2 d6 8. Bf1
e5 9. c3 Ng6 10. d4 Be7 11. Na3 O-O 12. Nc4 Nh4 13. dxc5 Nxf3+ 14. Qxf3 dxc5
15. Rad1 Qc8 16. Ne3 Ba6 17. Nf5 Bxf1 18. Rxf1 Qe6 19. Rd5 Rfd8 20. Rfd1 Bf8
21. Bc1 Qe8 22. Qg3 f6 23. Qf3 Ne7 24. Nd6 Qc6 25. R5d3 Ng6 26. Nf5 Qe8 27. h4
Nh8 28. Qg4 Nf7 29. Bh6 g6 30. Bxf8 Kxf8 31. Ne3 Rxd3 32. Rxd3 Rd8 33. Nd5 Rd6
34. c4 Kg7 35. h5 Ng5 36. Nc7 Qe7 37. Rxd6 1-0

[Event "47th IT Bosna 2017"]
[Site "Sarajevo"]
[Date "2017.05.14"]
[Round "3.23"]
[White "Savic, Miodrag R"]
[Black "Salkic, Midhat"]
[Result "1-0"]
[WhiteElo "2512"]
[BlackElo "2042"]
[PlyCount "69"]
[EventDate "2017.05.13"]

1. e4 c5 2. c3 d5 3. exd5 Qxd5 4. Nf3 Nf6 5. Na3 a6 6. Be2 e6 7. O-O Be7 8. d4
O-O 9. Nc4 Qd8 10. dxc5 Bxc5 11. Bf4 Nd5 12. Bg3 b5 13. Ncd2 Bb7 14. a4 b4 15.
Nb3 Be7 16. c4 Nf6 17. Qc1 Nbd7 18. Rd1 Qb6 19. a5 Qa7 20. Ne5 Nc5 21. Nxc5
Bxc5 22. Qf4 Rad8 23. Bh4 Be7 24. Ng4 Qb8 25. Qxb8 Rxb8 26. Nxf6+ Bxf6 27. Bxf6
gxf6 28. Rd6 Rbd8 29. Rad1 Rxd6 30. Rxd6 Rc8 31. Rb6 Be4 32. f3 Bc2 33. Rxb4
Kg7 34. Rb6 Bb1 35. b4 1-0

[Event "47th IT Bosna 2017"]
[Site "Sarajevo"]
[Date "2017.05.14"]
[Round "3.24"]
[White "Rozic, Slaven"]
[Black "Marjanovic, Dejan"]
[Result "1/2-1/2"]
[WhiteElo "2033"]
[BlackElo "2412"]
[PlyCount "85"]
[EventDate "2017.05.13"]

1. d4 Nf6 2. c4 g6 3. Nc3 Bg7 4. e4 d6 5. h3 O-O 6. Bg5 c5 7. d5 e6 8. Be2 h6
9. Be3 exd5 10. exd5 Re8 11. Qc2 Kh7 12. Nf3 Na6 13. O-O Nc7 14. Rfe1 Rb8 15.
a4 a6 16. a5 Bf5 17. Bd3 Bxd3 18. Qxd3 b5 19. axb6 Rxb6 20. Ra2 Qb8 21. Re2 Kg8
22. Bf4 Rxe2 23. Qxe2 Qe8 24. Qxe8+ Ncxe8 25. g4 Nd7 26. Kf1 g5 27. Bg3 Bxc3
28. bxc3 f5 29. gxf5 Ng7 30. Ke2 Nxf5 31. Bh2 Ne7 32. Nd2 Ng6 33. Ke3 Kf7 34.
f4 gxf4+ 35. Bxf4 Nxf4 36. Kxf4 Ne5 37. Kf5 Nd3 38. Ne4 Ke7 39. Rg2 Nb2 40.
Rg7+ Kd8 41. Rg8+ Kc7 42. Rg7+ Kb8 43. Rg8+ 1/2-1/2

[Event "47th IT Bosna 2017"]
[Site "Sarajevo"]
[Date "2017.05.14"]
[Round "3.25"]
[White "Muratovic, Efim"]
[Black "Urh, Zala"]
[Result "0-1"]
[WhiteElo "2383"]
[BlackElo "2036"]
[PlyCount "54"]
[EventDate "2017.05.13"]

1. Nf3 Nf6 2. c4 e6 3. g3 d5 4. Bg2 Be7 5. O-O O-O 6. d4 dxc4 7. Qa4 a6 8. Qxc4
b5 9. Qc2 Bb7 10. Nbd2 Nbd7 11. e4 c5 12. e5 Nd5 13. Ne4 Nb4 14. Qb1 cxd4 15.
Nxd4 Nxe5 16. Rd1 Nd5 17. h4 h6 18. Bf4 Ng6 19. Ne2 Qb6 20. Bd2 Rfd8 21. a4 b4
22. a5 Qa7 23. h5 Ne5 24. Bf4 Ng4 25. Bf3 Nxf4 26. Rxd8+ Rxd8 27. Bxg4 Nd3 0-1

[Event "47th IT Bosna 2017"]
[Site "Sarajevo"]
[Date "2017.05.14"]
[Round "3.27"]
[White "Aakanksha, Hagawane"]
[Black "Halilovic, Fahrudin"]
[Result "1-0"]
[WhiteElo "2283"]
[BlackElo "2032"]
[PlyCount "75"]
[EventDate "2017.05.13"]

1. e4 d5 2. exd5 Nf6 3. d4 Nxd5 4. c4 Nb6 5. Nc3 e5 6. dxe5 Qxd1+ 7. Nxd1 Nc6
8. f4 Be6 9. Ne3 O-O-O 10. Nf3 Bc5 11. Ng5 Nb4 12. a3 Nd3+ 13. Bxd3 Rxd3 14.
Ke2 Rhd8 15. Nxe6 fxe6 16. Rd1 Rxd1 17. Nxd1 Nxc4 18. b4 Bd4 19. Ra2 Bg1 20.
Rc2 b5 21. Rc3 g5 22. fxg5 Rd5 23. Rh3 Rd7 24. Nc3 Nxe5 25. Nxb5 Nc6 26. Nc3
Bd4 27. Ne4 Rf7 28. Rh6 Be5 29. Be3 Nd4+ 30. Bxd4 Bxd4 31. Rxe6 Bb2 32. Nc5 Kd8
33. Ra6 Be5 34. g3 Rf5 35. Rxa7 Ke7 36. Ne4 Kd7 37. Ra5 Ke6 38. Nc5+ 1-0

[Event "47th IT Bosna 2017"]
[Site "Sarajevo"]
[Date "2017.05.14"]
[Round "3.28"]
[White "Van Der Put, Frank"]
[Black "Nezirovic, Ozren"]
[Result "0-1"]
[WhiteElo "2258"]
[BlackElo "2013"]
[PlyCount "50"]
[EventDate "2017.05.13"]

1. d4 g6 2. e4 Bg7 3. Nf3 d6 4. Bc4 Nf6 5. Qe2 Nc6 6. h3 O-O 7. O-O e5 8. dxe5
dxe5 9. c3 h6 10. b4 Nh5 11. Rd1 Qf6 12. Nh2 Nf4 13. Qf3 Be6 14. Bb5 Rad8 15.
Re1 h5 16. Nd2 a6 17. Bf1 Nd3 18. Bxd3 Qxf3 19. Ndxf3 Rxd3 20. Bb2 Rfd8 21. a4
Bc4 22. Nf1 Bh6 23. Bc1 Bg7 24. Ne3 Be6 25. h4 f6 {NeÃ¨itak formular} 0-1

[Event "47th IT Bosna 2017"]
[Site "Sarajevo"]
[Date "2017.05.14"]
[Round "3.29"]
[White "Zarkovic, Mila"]
[Black "Cosovic, Aziz"]
[Result "1-0"]
[WhiteElo "2251"]
[BlackElo "2006"]
[PlyCount "40"]
[EventDate "2017.05.13"]

1. e4 g6 2. d4 d6 3. Nc3 Nf6 4. Be3 Bg7 5. f3 O-O 6. Qd2 Re8 7. O-O-O c6 8. g4
Qa5 9. h4 h5 10. g5 Nfd7 11. Kb1 b5 12. Bd3 Nb6 13. Nce2 Qa6 14. f4 Nc4 15.
Bxc4 bxc4 16. Nc3 Bg4 17. Nge2 Nd7 18. Rhf1 Reb8 19. Ka1 Rb7 20. Rb1 Qa5 1-0

[Event "47th IT Bosna 2017"]
[Site "Sarajevo"]
[Date "2017.05.14"]
[Round "3.30"]
[White "Sinanovic, Ermin"]
[Black "Sitnic, Adnan"]
[Result "0-1"]
[WhiteElo "1973"]
[BlackElo "2235"]
[PlyCount "88"]
[EventDate "2017.05.13"]

1. e4 Nc6 2. d4 e5 3. d5 Nce7 4. g3 Nf6 5. Bg2 Ng6 6. Be3 Bb4+ 7. c3 Ba5 8. h4
h5 9. Qd3 c6 10. f3 cxd5 11. exd5 d6 12. Nd2 Bb6 13. Bg5 Ne7 14. Ne4 Nfxd5 15.
Bxe7 Nxe7 16. Nxd6+ Kf8 17. O-O-O Rh6 18. Bh3 f5 19. Ne2 a6 20. g4 hxg4 21.
fxg4 e4 22. Qd2 Bc5 23. Nxc8 Qxd2+ 24. Rxd2 Rxc8 25. Nd4 Rxh4 26. gxf5 e3 27.
Ne6+ Kf7 28. Rd7 Kf6 29. Bg2 Rxh1+ 30. Bxh1 b6 31. Bb7 Rh8 32. Nxc5 bxc5 33.
Bxa6 Nxf5 34. a4 g5 35. Rd1 g4 36. Bb7 Rh7 37. Bc6 c4 38. Rg1 g3 39. Bd5 Rh4
40. a5 Ke5 41. Bb7 Kd6 42. Kd1 Rh2 43. Be4 Ke5 44. Bb7 Rxb2 0-1

[Event "47th IT Bosna 2017"]
[Site "Sarajevo"]
[Date "2017.05.14"]
[Round "3.31"]
[White "Velikic, Adela"]
[Black "Muhibic, Cazim"]
[Result "1-0"]
[WhiteElo "2204"]
[BlackElo "1956"]
[PlyCount "93"]
[EventDate "2017.05.13"]

1. e4 g6 2. d4 d6 3. Nc3 Bg7 4. f4 Nf6 5. Nf3 Bg4 6. h3 Bxf3 7. Qxf3 c6 8. Be3
Qa5 9. Bd3 Nbd7 10. e5 Nd5 11. Bd2 Nxc3 12. Bxc3 Qc7 13. O-O-O d5 14. h4 a5 15.
h5 e6 16. g4 b5 17. hxg6 hxg6 18. Rxh8+ Bxh8 19. f5 gxf5 20. gxf5 O-O-O 21.
fxe6 fxe6 22. Qh3 b4 23. Bd2 c5 24. Qxe6 cxd4 25. Bg5 Bxe5 26. Bxd8 Qxd8 27.
Bf5 Kc7 28. Qxd7+ Qxd7 29. Bxd7 Kxd7 30. Rh1 Kc6 31. Rh5 Bf4+ 32. Kd1 Kc5 33.
b3 Be3 34. Ke2 Bc1 35. Rh8 Bf4 36. Rc8+ Kb6 37. Kf3 Bc7 38. Kg4 Kc6 39. Kf5 Kd6
40. Rh8 Kd7 41. Rh7+ Kd6 42. Rh6+ Kd7 43. Rh5 Bb6 44. Ke5 Kc6 45. Ke6 Bc5 46.
Rxd5 Bb6 47. Ke5 1-0

[Event "47th IT Bosna 2017"]
[Site "Sarajevo"]
[Date "2017.05.14"]
[Round "3.32"]
[White "Alaz, Ahmet Efekan"]
[Black "Mrndjic, Muamer"]
[Result "1-0"]
[WhiteElo "1965"]
[BlackElo "2199"]
[PlyCount "87"]
[EventDate "2017.05.13"]

1. d4 d5 2. Nf3 e6 3. e3 Nf6 4. Bd3 c5 5. c3 Nc6 6. Nbd2 Be7 7. O-O O-O 8. dxc5
Bxc5 9. e4 e5 10. b4 Bb6 11. b5 Ne7 12. Qc2 dxe4 13. Nxe4 Nxe4 14. Bxe4 f5 15.
Bd3 Ng6 16. Bc4+ Kh8 17. Ba3 Rf6 18. Ng5 Qc7 19. Qb3 h6 20. Nf7+ Kh7 21. Rad1
Bc5 22. Bxc5 Qxc5 23. Rd8 a6 24. bxa6 bxa6 25. Bd5 Ra7 26. Qb8 Rc7 27. c4 Rb6
28. Qa8 e4 29. h4 Nf8 30. Ne5 Rf6 31. Qb8 Qe7 32. Rxc8 Rxc8 33. Qxc8 Qxe5 34.
h5 f4 35. Qg4 Ne6 36. Re1 e3 37. fxe3 Nc7 38. Qf3 Nxd5 39. Qxd5 Qc3 40. Qe4+
Kh8 41. exf4 Qa5 42. Qe5 Qxa2 43. Qb8+ Kh7 44. Re8 1-0

[Event "47th IT Bosna 2017"]
[Site "Sarajevo"]
[Date "2017.05.14"]
[Round "3.33"]
[White "Reinhard, Marcus"]
[Black "Dedic, Nedzad"]
[Result "0-1"]
[WhiteElo "2168"]
[BlackElo "1940"]
[PlyCount "100"]
[EventDate "2017.05.13"]

1. e4 e6 2. Nf3 d5 3. e5 c5 4. b4 cxb4 5. a3 Nc6 6. axb4 Qc7 7. d4 Bxb4+ 8. c3
Ba5 9. Bd3 h6 10. O-O Nge7 11. Ba3 Bd7 12. Nfd2 h5 13. Nb3 Bb6 14. Qd2 Qd8 15.
Nc5 Rb8 16. Qf4 Kf8 17. Nd2 Kg8 18. Qh4 Be8 19. f4 Nf5 20. Qf2 Nce7 21. Nf3 Qc8
22. Rfc1 Bd8 23. g3 Rh6 24. Nb3 Bb6 25. Nbd2 Qd8 26. Nf1 Ba5 27. Ne3 g6 28.
Nxf5 Nxf5 29. Bxf5 gxf5 30. Bd6 Rc8 31. Qb2 Bb6 32. Rcb1 Rc6 33. Kf2 Qc8 34.
Ra3 Kh7 35. Ke3 Rg6 36. Kd3 Qd8 37. Qa2 Rc8 38. Qb3 Bc6 39. Qb4 Qd7 40. Kd2 Re8
41. Ke3 Kh8 42. Qb2 Reg8 43. Qg2 Rh6 44. Ra2 Bb5 45. Qb2 a6 46. Qa3 Rc8 47. Rc2
Bd8 48. Kd2 Qc6 49. Bf8 Rg6 50. Be7 Qc4 {NeÃ¨itak formular} 0-1